CO WYCIĄGAMY Z SZAFY NA WAKACJACH? - Statystyki

Ogólne statystyki
  • Ten quiz został rozwiązany 13 razy
  • Średni wynik to 2 z 5
Statystyki odpowiedzi
Odpowiedź % Poprawnych
STRÓJ KĄPIELOWY
88%
KAPELUSZ
50%
LEŻAK
38%
JAPONKI
25%
DMUCHANĄ PIŁKĘ
13%
Nie znaleziono quizów pasujących do podanych kryteriów
Rozkład punktacji
Procent ludzi z każdym wynikiem
Percentyl według liczby udzielonych odpowiedzi
Twoja historia wyników
Nie rozwiązałeś tego quizu